000 00485nam a2200193Ia 4500
005 20240823051848.0
008 240823s9999||||xx |||||||||||||| ||und||
020 _a978-0-19-809864-5
041 _aENGLISH
082 _A006.6 Q3
100 _aJohn Essick
245 0 _aHands on Introduction to Labview for Scientists and Engineers
250 _a2nd
260 _c2013
_bOxford University
500 _aYES
650 _aLab View
_bMechanical
942 _cBK
999 _c220539
_d220539